000 00579cam a22002053a 4500
001 39792
003 PGUSA
005 20140828083903.0
008 120525s2012||||xxu|||||s|||||000 | eng d
040 _aPGUSA
_beng
042 _adc
100 1 _aHeine, Heinrich,
_d1797-1856
245 1 0 _aDas Lied vom blöden Ritter
_h[electronic resource] /
_cHeinrich Heine
260 _bProject Gutenberg,
_c2012
506 _aPublic domain in the USA.
516 _aElectronic text
830 0 _aProject Gutenberg
_v39792
856 4 0 _uhttp://www.gutenberg.org/ebooks/39792
942 _cEB
999 _c269045
_d269045